<?xml version="1.0" encoding="UTF-8"?>
<collection xmlns="http://www.loc.gov/MARC21/slim">
 <record>
  <leader>02493nab a2200241 i 4500</leader>
  <controlfield tag="001">publ38655</controlfield>
  <controlfield tag="005">20260113081957.0</controlfield>
  <controlfield tag="008">260113s2025    hu      o     000   eng d</controlfield>
  <datafield tag="022" ind1=" " ind2=" ">
   <subfield code="a">2366-5971</subfield>
  </datafield>
  <datafield tag="024" ind1="7" ind2=" ">
   <subfield code="a">10.1007/s41315-025-00438-2</subfield>
   <subfield code="2">doi</subfield>
  </datafield>
  <datafield tag="024" ind1="7" ind2=" ">
   <subfield code="a">35806761</subfield>
   <subfield code="2">mtmt</subfield>
  </datafield>
  <datafield tag="040" ind1=" " ind2=" ">
   <subfield code="a">SZTE Publicatio Repozitórium</subfield>
   <subfield code="b">hun</subfield>
  </datafield>
  <datafield tag="041" ind1=" " ind2=" ">
   <subfield code="a">eng</subfield>
  </datafield>
  <datafield tag="100" ind1="1" ind2=" ">
   <subfield code="a">Pesti Richárd</subfield>
  </datafield>
  <datafield tag="245" ind1="1" ind2="0">
   <subfield code="a">Artificial Neural Network-based MEMS Accelerometer Array Calibration</subfield>
   <subfield code="h">[elektronikus dokumentum] /</subfield>
   <subfield code="c"> Pesti Richárd</subfield>
  </datafield>
  <datafield tag="260" ind1=" " ind2=" ">
   <subfield code="c">2025</subfield>
  </datafield>
  <datafield tag="300" ind1=" " ind2=" ">
   <subfield code="a">1459-1479</subfield>
  </datafield>
  <datafield tag="490" ind1="0" ind2=" ">
   <subfield code="a">INTERNATIONAL JOURNAL OF INTELLIGENT ROBOTICS AND APPLICATIONS</subfield>
   <subfield code="v">9 No. 4</subfield>
  </datafield>
  <datafield tag="520" ind1="3" ind2=" ">
   <subfield code="a">Accurate calibration of micro-electromechanical systems (MEMS) accelerometers is crucial for enhancing the performance of low-cost inertial measurement units (IMUs). This paper introduces a novel calibration technique that leverages artificial neural networks (ANNs) combined with data from multiple IMUs to increase the accuracy of the calibration. The proposed method involves a calibrated UR robot, which enables the data acquisition of ground truth data for an effective calibration of IMUs. It enhances the calibration accuracy by utilizing the collective measurements from five IMUs within an accelerometer array. Fourteen sets of measurement data were established in dynamic environments using the robotic arm. The ANN-based approach was trained using ten datasets of dynamic measurements, where the trained model is validated against four unseen test data. The ANN-based calibration performance is evaluated by comparing it to standard methods such as ellipsoid fitting method and arithmetic averaging of the sensor outputs. Results demonstrate that the proposed method achieves superior calibration accuracy, with an improvement of 18.2% over the ellipsoid fitting technique and 23.3% over the averaging method. It also shows that fusing accelerometer measurements with Euler angles calculated from acceleration as input data for the ANN provided the best results for the calibration. The findings suggest that integrating ANN models with data fusion from multiple sensors significantly improves the calibration accuracy of MEMS accelerometers, thereby enhancing their potential for use in precise motion sensing applications.</subfield>
  </datafield>
  <datafield tag="650" ind1=" " ind2="4">
   <subfield code="a">Villamosmérnöki és informatikai tudományok</subfield>
  </datafield>
  <datafield tag="700" ind1="0" ind2="1">
   <subfield code="a">Sarcevic Péter</subfield>
   <subfield code="e">aut</subfield>
  </datafield>
  <datafield tag="700" ind1="0" ind2="1">
   <subfield code="a">Odry Ákos</subfield>
   <subfield code="e">aut</subfield>
  </datafield>
  <datafield tag="856" ind1="4" ind2="0">
   <subfield code="u">http://publicatio.bibl.u-szeged.hu/38655/1/s41315-025-00438-2-1.pdf</subfield>
   <subfield code="z">Dokumentum-elérés </subfield>
  </datafield>
 </record>
</collection>
